000 00606nam a2200241 a 4500
001 nice12345678
003 IN_TiNIC
005 20260116011326.0
008 050524s1928 lona grp 000 0 eng
020 _a
_c100
082 0 0 _a958.1
_bSHA
100 _aShah Sirdar, Ikbal Ali
245 _aAfghanistan of the Afghans
260 _aLondon
_bDiamond Press
_c1928
300 _a272p
500 _aincludes index and biblioraphy
505 2 _aIll, Numerous Illusrations and a Map
650 _aAfghanistan
700 1 _aShah Sirdar, Ikbal Ali
902 _bSRS
942 _cBK
999 _c527
_d527